David Fincher Films - Statistics

General Stats
  • This quiz has been taken 157 times
    121 since last reset
  • The average score is 9 of 11
Answer Stats
Year Film % Correct
1995 Seven
96%
1999 Fight Club
94%
2014 Gone Girl
89%
2010 The Social Network
83%
2007 Zodiac
81%
2020 Mank
78%
1997 The Game
76%
1992 Alien 3
72%
2011 The Girl with the Dragon Tattoo
69%
2002 Panic Room
67%
2008 The Curious Case of Benjamin Button
67%
No matching quizzes found
Score Distribution
Percent of People with Each Score
Percentile by Number Answered
Your Score History
You have not taken this quiz since the last reset